000 00461nam a2200145Ia 4500
003 OSt
005 20260121153839.0
008 211028s2015 xx 000 0 und d
040 _cAIMIT LIBRARY
041 _aeng
100 _aD' Souza, Bryan Kishore; Thomas, Babu.
_g1316025
_97299
245 _aStudy on consumer behaviour towards spectacle lenses with reference to M V M enterprise Mangalore /
260 _aMangalore
_bBabu Thomas
_c2015
942 _2ddc
_cPRO
999 _c218869
_d218869